000
00220nam a2200097Ia 4500
008
220204s9999 xx 000 0 und d
100
_a
Singh, S D R
245
2
_a
A Malayan heritage
260
_a
Kuala Lumpur
942
_c
BK
999
_c
19311
_d
19311